1502 1169 1254 1066 1177 1244 1937 1205 1306 1287 1394 1544 1444 1308 1868 1698 1390 1360 1097 1795 1766 1034 1345 1522 1117 1908 1848 1639 1765 1181 1379 1002 1747 1412 1788 1119 1245 1257 1394 1242 1588 1021 1601 1727 1607 1999 1788 1756 1363 1379 1374 1706 1652 1210 1742 1556 1603 1765 1238 1570 1401 1832 1570 1723 1756 1084 1600 1750 1753 1297 1412 1825 1431 1219 1082 1516 1359 1671 1936 1863 1495 1821 1738 1346 1530 1986 1496 1957 1399 1598 1966 1964 1461 1253 1028 1086 1063 1617 1477 BCNSPRNW ULIB Ver.6.0+V

เปลี่ยนเป็นภาษาไทย

Change to English
 แสดงรายละเอียดบรรณานุกรม
  กลับหน้าหลัก

Brief Record : Get Marc (ISO 2709) : E-mail record : QR code < ปิดหน้าต่าง
LEADER : 00000nam 2200000uu 4500
001    13399113411
003     ULIB
008    020711s2553 th a 000 0 tha d
020    ^a9749749450167
099    ^aนว.ฬ111ด 2549
100    ^aฬีฬา
245    ^aดวงตาในดวงใจ/^cฬีฬา
250    ^aพิมพ์ครั้งที่ 1
260    ^aกรุงเทพฯ :^bยาหยี-ยาใจ,^c2549
300    ^a292 หน้า
710 1  ยาหยี-ยาใจ
945    ^p215^l0^i020198
995    ทศพร
999 ^a ^aวรรณษา ชูชัยมงคล
รายการนี้ยังไม่มีแท็ก
คุณยังไม่ได้ล็อกอิน คุณสามารถมีกิจกรรมร่วมกับเว็บไซต์ได้ แต่ต้องล็อกอินก่อน ::
  ล็อกอิน

รายการสื่อสารสนเทศ

ลำดับที่ ประเภท เลขเรียก/บาร์โค้ด สถานที่ สถานะ
1. นวนิยาย
นวนิยาย
นว.ฬ111ด 2549 ฉ.1 
  Barcode: 020198
ห้องสมุดวิทยาเขตสวรรค์ประชารักษ์
►นวนิยาย
บนชั้น
  ขอยืม

รายการใกล้เคียง
    ผู้แต่ง [ฬีฬา]

BibComment


ยังไม่เคยถูกคอมเมนท์

คอมเมนท์ทรัพยากรรายการนี้
  คอมเมนท์: ดวงตาในดวงใจ ฬีฬา


 Copyright 2026. Bcnsprnw @Library